000 00890nam a2200265 i 4500
001 000049026
003 DO-SdBNP
005 20240307073949.0
007 ta
008 100127s2022 dr 001 0 spa d
040 _aDO-SdBNP
_bspa
_cBNPHU
_erda
082 _bE795
_222
245 0 3 _aEstatuto orgánico de la Universidad Tecnológica del Cibao Oriental
264 _aCotuí, Provincia Sánchez Ramírez :
_bUTECO,
_c2022.
300 _a40 paginas ;
_c22 cm.
336 _2rdacontent
_atexto
_btxt
337 _2rdamedia
_asin mediación
_bn
338 _2rdacarrier
_avolumen
_bnc
490 1 _aPublicaciones de la Universidad Tecnológica del Cibao Oriental ;
_aInstitucional
590 _aInventariado, 2023 / DG
710 1 _aUniversidad Autónoma de Santo Domingo
_972951
830 0 _aPublicaciones Tecnológica del Cibao Oriental ;
_976438
910 _aDG
942 _2ddc
_cLF2
999 _c53489
_d53489